Trilogía de los bajos fondos /

保存先:
書誌詳細
第一著者: Valenzuela, Luisa (autor)
フォーマット: 図書
言語:スペイン語
出版事項: México : Fondo de Cultura Económica, 2004, c2004
シリーズ:(Tierra Firme)
主題:
タグ: タグ追加
タグなし, このレコードへの初めてのタグを付けませんか!

MARC

LEADER 00000nam^a2200000^a^4500
001 000177727
005 20250521000000.0
009 20260310101725.154
020 |a 968-16-7269-0 
037 |a Acervo ITESO - Biblioteca 
041 |a ESP 
082 |a 863.  |b VAL 
100 |a Valenzuela, Luisa  |e (autor) 
240 1 1 |a [Trilogía de los bajos fondos] 
245 1 0 |a Trilogía de los bajos fondos /  |c L.Valenzuela ; pról. de Guillermo Piro. 
264 4 |a México :  |b Fondo de Cultura Económica,  |c 2004, c2004 
300 |a 534 p. 
336 |a texto  |b txt  |2 rdacontenido 
337 |a sin mediación  |b n  |2 rdamedio 
338 |a volumen  |b nc  |2 rdasoporte 
440 |a (Tierra Firme) 
545 0 |a Luisa Valenzuela, escritora argentina (Buenos Aires, 1938), es doctora Honoris Causa por la Universidad de Knox. Ha dirigido talleres en las universidades de Columbia y Nueva York. Es autora de libros de cuentos y novelas, entre otros: Hay que sonreír; Los heréticos; El gato eficaz; Aquí pasan cosas raras; Como en la guerra; Libro que no muerde; Cambio de armas; Donde viven las águilas; Realidad nacional desde la cama; Novela negra con argentinos; Simetrías; Peligrosas palabras; La travesía. Algunos de los reconocimientos que ha obtenido son la Medalla Machado de Assis (1997) otorgada por la Academia Brasileña de las Artes, y la Beca Guggenheim (1983). La obra de Valenzuela obra refleja la relación cercana entre la escritura y las teorías postestructuralistas del lenguaje y del psicoanálisis (el lacaniano, en particular), por un lado, y con las de la posmodernidad, por otro. Empeñada en no ofrecer una literatura fácil o sobreexplicada, Valenzuela juega con el lenguaje de tal manera que crea asociaciones y connotaciones, incluso ambiguas, del significado de las palabras; entre sus temáticas recurrentes se encuentran las relaciones de género, la violencia y las experiencias de represión y dictadura en Argentina, así como la búsqueda de una identidad personal, social y política en el mundo contemporáneo. 
649 |a XX 
650 |a Prostitución en la Literatura 
650 |a Novela Argentina 
650 |a Literatura Argentina -  |y Siglo XX 
650 |a Literatura de Mujeres -  |z Argentina 
650 |a Literatura Policíaca y de Misterio -  |z Argentina 
740 0 |a Hay que sonreir /  |c L. Valenzuela. 
740 0 |a Como en la guerra /  |c L. Valenzuela. 
740 0 |a Novela Negra con argentinos /  |c L. Valenzuela. 
910 |a Fondo General 
920 |a Impresos - Libros 
930 |a Colección General 
940 |a Literatura 
905 |a 101 
901 |a 0500116497  |b IT1  |c LIT  |u 20250521 
902 |a https://opac.biblio.iteso.mx/vufind/Record/000177727